Binaca Geet Mala Vol. 1 (1953-1964) : (Record no. 34966)

MARC details
000 -LEADER
fixed length control field 01359nam a22002657a 4500
003 - CONTROL NUMBER IDENTIFIER
control field dpl
005 - DATE AND TIME OF LATEST TRANSACTION
control field 20100331150410.0
007 - PHYSICAL DESCRIPTION FIXED FIELD--GENERAL INFORMATION
fixed length control field DVD
008 - FIXED-LENGTH DATA ELEMENTS--GENERAL INFORMATION
fixed length control field 050907s2005 cau105 g 00| 0 eng d
010 ## - LIBRARY OF CONGRESS CONTROL NUMBER
LC control number DVD-007276
024 ## - OTHER STANDARD IDENTIFIER
Terms of availability 1875.00
035 ## - SYSTEM CONTROL NUMBER
System control number DVD-007276
040 ## - CATALOGING SOURCE
Original cataloging agency DPL
Transcribing agency DPL
092 ## - LOCALLY ASSIGNED DEWEY CALL NUMBER (OCLC)
Classification number DVD BINA
245 ## - TITLE STATEMENT
Title Binaca Geet Mala Vol. 1 (1953-1964) :
Medium [Audiorecording] ACD /
Statement of responsibility, etc The Gramophone Company Of Indai Limited
Remainder of title A Silver Jubliee Presentation By Ameen Sayani
260 ## - PUBLICATION, DISTRIBUTION, ETC. (IMPRINT)
Name of publisher, distributor, etc M/s Nad Sagar Archives And Documentation Society
300 ## - PHYSICAL DESCRIPTION
Extent 1 Audio Cd;
Other physical details sd.,
Dimensions 4-3/4 in.
Type of unit Audio CD
500 ## - GENERAL NOTE
General note 1. Too Ganga Ki Mauj<br/>2. Man Dole Mera Tan Dole<br/>3. Yeh Hai Bombay Meari Jaan<br/>4. Zara Samne To Aao<br/>5. Hai Apna Dil To Awara<br/>6. Hai Apna Dil To Awara <br/>7. Hal Kaisa Janab Ka<br/>8. Zindgi Bhar Nahi Bhulegi wo Barsat<br/>9. Teri Pyari Pyari<br/>10. Ehsan Tera Hoga<br/>11. Jo Wada Kiya<br/>12. Bol Radha Bol
500 ## - GENERAL NOTE
General note The Audio CD Has been Digitized From the L.P.Record available in the Library Vide Acc. No. 7831.
538 ## - SYSTEM DETAILS NOTE
System details note This is a Audio CD
650 ## - SUBJECT ADDED ENTRY--TOPICAL TERM
Topical term or geographic name as entry element Audio CD
9 (RLIN) 21046
942 ## - ADDED ENTRY ELEMENTS (KOHA)
Koha item type CD-ROMs, DVDs, VHS
Source of classification or shelving scheme Dewey Decimal Classification
Classification part DVD
Call number suffix BINA
Holdings
Withdrawn status Lost status Source of classification or shelving scheme Damaged status Not for loan Home library Current library Date acquired Source of acquisition Cost, normal purchase price Total Checkouts Full call number Barcode Date last seen Copy number Cost, replacement price Price effective from Koha item type
    Dewey Decimal Classification     Central Library Central Library 31/03/2010 Nadsagar/29-01-10/29-03-10 1875.00   DVD BINA DVD-007276 31/03/2010 1 1875.00 31/03/2010 CD-ROMs, DVDs, VHS

© Delhi Public Library
Hit Counter
free hit counter